2nd Largest City in Each State - Statistics

General Stats
  • This quiz has been taken 69 times
  • The average score is 18 of 50
Answer Stats
State Answer % Correct
California San Diego
88%
Florida Miami
76%
Alaska Fairbanks
70%
Colorado Colorado Springs
66%
Arizona Tucson
66%
Pennsylvania Pittsburgh
60%
Texas San Antonio
60%
Alabama Mobile
58%
Georgia Augusta
54%
New York Buffalo
54%
Delaware Dover
52%
North Carolina Raleigh
50%
Ohio Cleveland
48%
Tennessee Nashville
48%
Connecticut New Haven
48%
Michigan Grand Rapids
46%
Oregon Salem
46%
Kentucky Lexington
42%
Nebraska Lincoln
40%
Nevada Reno
40%
Minnesota Saint Paul
40%
Oklahoma Tulsa
38%
Massachusetts Worcester
38%
Hawaii Hilo
36%
New Jersey Jersey City
34%
Wisconsin Madison
34%
Washington Spokane
34%
South Carolina Charleston
32%
Indiana Fort Wayne
32%
Utah Provo
32%
Kansas Overland Park
30%
Louisiana Shreveport
30%
Iowa Cedar Rapids
26%
Illinois Aurora
24%
Missouri Saint Louis
24%
Wyoming Casper
22%
Maine Lewiston
20%
Idaho Nampa
20%
South Dakota Rapid City
20%
North Dakota Bismarck
18%
Arkansas Fort Smith
18%
Mississippi Gulfport
18%
New Mexico Las Cruces
18%
Montana Missoula
18%
Virginia Norfolk
18%
New Hampshire Nashua
16%
Rhode Island Warwick
14%
Maryland Frederick
12%
West Virginia Huntington
10%
Vermont Rutland
0%
No matching quizzes found
Score Distribution
Percent of People with Each Score
Percentile by Number Answered
Your Score History
You have not taken this quiz